Medicinal plants : (Record no. 20036)

MARC details
000 -LEADER
fixed length control field 00373nam a22001217a 4500
008 - FIXED-LENGTH DATA ELEMENTS--GENERAL INFORMATION
fixed length control field 230307b |||||||| |||| 00| 0 eng d
020 ## - INTERNATIONAL STANDARD BOOK NUMBER
International Standard Book Number 978-1536127287
050 ## - LIBRARY OF CONGRESS CALL NUMBER
Classification number SB293
Item number .M43 2017
245 ## - TITLE STATEMENT
Title Medicinal plants :
Remainder of title Production, cultivation and uses/
Statement of responsibility, etc. edited by Aubert Matthias & Nicolas Laisn"e
300 ## - PHYSICAL DESCRIPTION
Extent xii, 266p.
650 ## - SUBJECT ADDED ENTRY--TOPICAL TERM
Topical term or geographic name as entry element Medicinal plants
942 ## - ADDED ENTRY ELEMENTS (KOHA)
Source of classification or shelving scheme Library of Congress Classification
Koha item type General Collection
Holdings
Withdrawn status Lost status Source of classification or shelving scheme Not for loan Home library Current library Date acquired Cost, normal purchase price Inventory number Total Checkouts Full call number Barcode Date last seen Copy number Price effective from Koha item type
    Library of Congress Classification   Kabarak, Main Campus Kabarak, Main Campus 07/03/2023 39189.00 2152/2022   SB293 .M43 2017 C.1 34749 07/03/2023 C.1 07/03/2023 General Collection
Designed with assistance from East African Informatics Ltd